[Event "Team men PL final"]
[Site "Sochi"]
[Date "2018.05.08"]
[Round "7.26"]
[White "Bocharov, Dmitry"]
[Black "Esipenko, Andrey"]
[Result "1/2-1/2"]
[BlackElo "2587"]
[WhiteElo "2594"]
[LiveChessVersion "1.4.8"]

1. d4 {[%clk 1:30:54]} Nf6 {[%clk 1:30:39]} 2. c4 {[%clk 1:31:15]} e6
{[%clk 1:30:56]} 3. Nf3 {[%clk 1:31:28]} b6 {[%clk 1:29:11]} 4. g3
{[%clk 1:30:41]} Ba6 {[%clk 1:24:49]} 5. Qb3 {[%clk 1:29:13]} Nc6
{[%clk 1:24:31]} 6. Nbd2 {[%clk 1:28:25]} Na5 {[%clk 1:24:52]} 7. Qc3
{[%clk 1:27:30]} d5 {[%clk 1:13:39]} 8. c5 {[%clk 1:22:30]} Rc8 {[%clk 1:04:36]}
9. Ne5 {[%clk 0:49:35]} Nd7 {[%clk 0:57:08]} 10. Nxd7 {[%clk 0:42:07]} Qxd7
{[%clk 0:57:31]} 11. b4 {[%clk 0:40:53]} Nc4 {[%clk 0:52:49]} 12. e3
{[%clk 0:38:20]} Bb7 {[%clk 0:52:19]} 13. Be2 {[%clk 0:22:58]} b5
{[%clk 0:50:52]} 14. a4 {[%clk 0:17:15]} a6 {[%clk 0:51:08]} 15. axb5
{[%clk 0:15:59]} axb5 {[%clk 0:51:34]} 16. Ra7 {[%clk 0:16:24]} Bc6
{[%clk 0:51:24]} 17. O-O {[%clk 0:12:55]} Be7 {[%clk 0:51:11]} 18. Bb2
{[%clk 0:10:19]} f6 {[%clk 0:49:51]} 19. Nxc4 {[%clk 0:08:42]} dxc4
{[%clk 0:49:26]} 20. f3 {[%clk 0:06:53]} O-O {[%clk 0:49:48]} 21. e4
{[%clk 0:07:04]} Ra8 {[%clk 0:48:32]} 22. Rfa1 {[%clk 0:07:03]} Rxa7
{[%clk 0:48:22]} 23. Rxa7 {[%clk 0:07:23]} Bd8 {[%clk 0:46:55]} 24. g4
{[%clk 0:05:17]} Qf7 {[%clk 0:43:05]} 25. Ra6 {[%clk 0:04:52]} Bd7
{[%clk 0:42:30]} 26. f4 {[%clk 0:02:24]} Bc8 {[%clk 0:41:37]} 27. Ra7
{[%clk 0:02:10]} f5 {[%clk 0:38:36]} 28. gxf5 {[%clk 0:01:41]} exf5
{[%clk 0:38:57]} 29. e5 {[%clk 0:01:36]} Be6 {[%clk 0:39:12]} 30. Qg3
{[%clk 0:01:39]} Bd5 {[%clk 0:37:26]} 31. Bf3 {[%clk 0:01:47]} Be4
{[%clk 0:37:35]} 32. Ra1 {[%clk 0:00:37]} Qd5 {[%clk 0:37:42]} 33. Bxe4
{[%clk 0:00:40]} fxe4 {[%clk 0:37:09]} 34. Rf1 {[%clk 0:00:46]} Rf5
{[%clk 0:37:17]} 35. Bc3 {[%clk 0:00:50]} g6 {[%clk 0:36:46]} 36. Qe3
{[%clk 0:00:56]} Bh4 {[%clk 0:37:10]} 37. Qh3 {[%clk 0:01:15]} Be7
{[%clk 0:36:39]} 38. Qe3 {[%clk 0:01:38]} Kf7 {[%clk 0:20:37]} 39. Re1
{[%clk 0:01:58]} Ke6 {[%clk 0:17:58]} 40. Ra1 {[%clk 0:32:00]} Rh5
{[%clk 0:39:17]} 41. Qg3 {[%clk 0:25:39]} e3 {[%clk 0:24:53]} 42. Re1
{[%clk 0:20:53]} Rf5 {[%clk 0:16:28]} 43. Rxe3 {[%clk 0:20:02]} Kd7
{[%clk 0:13:44]} 44. Re1 {[%clk 0:16:37]} Kc6 {[%clk 0:13:04]} 45. Bb2
{[%clk 0:14:10]} Kd7 {[%clk 0:08:26]} 46. Qe3 {[%clk 0:05:43]} Ke6
{[%clk 0:08:19]} 47. Ra1 {[%clk 0:05:57]} Qc6 {[%clk 0:07:00]} 48. Rd1
{[%clk 0:05:27]} Qd5 {[%clk 0:07:08]} 49. Ra1 {[%clk 0:05:50]} Qc6
{[%clk 0:06:47]} 50. Rd1 {[%clk 0:02:45]} Qd5 {[%clk 0:07:09]} 1/2-1/2

[Event "Team men PL final"]
[Site "Sochi"]
[Date "2018.05.08"]
[Round "7.27"]
[White "Kobalia, Mikhail"]
[Black "Maletin, Pavel"]
[Result "1/2-1/2"]
[BlackElo "2572"]
[WhiteElo "2601"]
[LiveChessVersion "1.4.8"]

1. e4 {[%clk 1:30:53]} e5 {[%clk 1:30:49]} 2. Nf3 {[%clk 1:31:18]} Nc6
{[%clk 1:31:13]} 3. Bb5 {[%clk 1:31:41]} a6 {[%clk 1:31:30]} 4. Ba4
{[%clk 1:32:05]} Nf6 {[%clk 1:31:49]} 5. O-O {[%clk 1:32:30]} Be7
{[%clk 1:31:55]} 6. d3 {[%clk 1:32:29]} b5 {[%clk 1:32:12]} 7. Bb3
{[%clk 1:32:55]} d6 {[%clk 1:32:32]} 8. a3 {[%clk 1:33:16]} Na5 {[%clk 1:32:29]}
9. Ba2 {[%clk 1:33:40]} c5 {[%clk 1:31:59]} 10. Nc3 {[%clk 1:33:15]} Be6
{[%clk 1:31:21]} 11. Bg5 {[%clk 1:30:00]} O-O {[%clk 1:22:04]} 12. b4
{[%clk 1:23:05]} Nc6 {[%clk 1:16:22]} 13. Bxf6 {[%clk 1:22:25]} Bxf6
{[%clk 1:16:44]} 14. Nd5 {[%clk 1:22:46]} g6 {[%clk 1:13:01]} 15. c3
{[%clk 1:07:03]} Bg7 {[%clk 1:07:50]} 16. Qe2 {[%clk 1:05:07]} Kh8
{[%clk 0:47:10]} 17. a4 {[%clk 0:57:10]} Rb8 {[%clk 0:38:19]} 18. axb5
{[%clk 0:45:00]} axb5 {[%clk 0:38:32]} 19. Nd2 {[%clk 0:44:34]} cxb4
{[%clk 0:24:17]} 20. Nxb4 {[%clk 0:44:28]} Nxb4 {[%clk 0:24:42]} 21. cxb4
{[%clk 0:44:53]} d5 {[%clk 0:24:41]} 22. Qf3 {[%clk 0:21:46]} Ra8
{[%clk 0:18:07]} 23. Bb3 {[%clk 0:13:53]} Rxa1 {[%clk 0:16:43]} 24. Rxa1
{[%clk 0:14:22]} dxe4 {[%clk 0:17:06]} 25. Qxe4 {[%clk 0:14:51]} Bf5
{[%clk 0:16:32]} 26. Qd5 {[%clk 0:14:55]} e4 {[%clk 0:11:09]} 27. Rd1
{[%clk 0:14:26]} exd3 {[%clk 0:08:13]} 28. Qxb5 {[%clk 0:13:20]} Qd4
{[%clk 0:06:53]} 29. h3 {[%clk 0:11:46]} Qc3 {[%clk 0:03:01]} 30. g4
{[%clk 0:10:00]} Bh6 {[%clk 0:01:50]} 31. gxf5 {[%clk 0:08:32]} Bxd2
{[%clk 0:02:13]} 32. Qc5 {[%clk 0:05:45]} Qxb4 {[%clk 0:01:15]} 33. Qxb4
{[%clk 0:06:02]} Bxb4 {[%clk 0:01:40]} 34. Rxd3 {[%clk 0:06:25]} Kg7
{[%clk 0:01:24]} 35. fxg6 {[%clk 0:06:40]} hxg6 {[%clk 0:01:43]} 36. Rd7
{[%clk 0:07:04]} Kf6 {[%clk 0:02:05]} 37. Rb7 {[%clk 0:07:31]} Be7
{[%clk 0:02:29]} 38. Rb6+ {[%clk 0:07:58]} Kg7 {[%clk 0:02:55]} 39. Rb7
{[%clk 0:08:25]} Kf6 {[%clk 0:03:21]} 40. Rb6+ {[%clk 0:38:53]} Kg7
{[%clk 0:33:44]} 41. Rb7 {[%clk 0:39:21]} 1/2-1/2

[Event "Team men PL final"]
[Site "Sochi"]
[Date "2018.05.08"]
[Round "7.28"]
[White "Tsydypov, Zhamsaran"]
[Black "Iljiushenok, Ilia"]
[Result "1-0"]
[BlackElo "2516"]
[WhiteElo "2525"]
[LiveChessVersion "1.4.8"]

1. e4 {[%clk 1:30:09]} c5 {[%clk 1:30:55]} 2. Nf3 {[%clk 1:30:26]} e6
{[%clk 1:31:22]} 3. d4 {[%clk 1:30:42]} cxd4 {[%clk 1:31:49]} 4. Nxd4
{[%clk 1:31:06]} Nc6 {[%clk 1:32:16]} 5. Nc3 {[%clk 1:31:28]} Qc7
{[%clk 1:32:43]} 6. Qd3 {[%clk 1:28:43]} Nf6 {[%clk 1:32:54]} 7. Nxc6
{[%clk 1:26:41]} bxc6 {[%clk 1:30:49]} 8. Qg3 {[%clk 1:23:24]} Qxg3
{[%clk 1:26:41]} 9. hxg3 {[%clk 1:23:51]} d5 {[%clk 1:26:03]} 10. Bd3
{[%clk 1:23:27]} Rb8 {[%clk 1:24:43]} 11. f3 {[%clk 1:20:13]} Nd7
{[%clk 1:19:38]} 12. b3 {[%clk 1:09:35]} Bb4 {[%clk 1:11:45]} 13. Bd2
{[%clk 1:10:03]} Nc5 {[%clk 1:11:41]} 14. Be2 {[%clk 1:09:52]} dxe4
{[%clk 1:06:33]} 15. a3 {[%clk 1:07:45]} e3 {[%clk 0:51:39]} 16. axb4
{[%clk 1:08:09]} exd2+ {[%clk 0:52:06]} 17. Kxd2 {[%clk 1:08:34]} Rxb4
{[%clk 0:52:31]} 18. Rxa7 {[%clk 1:07:59]} Rb7 {[%clk 0:44:34]} 19. Ra5
{[%clk 1:04:44]} Nd7 {[%clk 0:44:47]} 20. Rh4 {[%clk 1:03:20]} Ke7
{[%clk 0:41:19]} 21. Rc4 {[%clk 0:59:13]} Rd8 {[%clk 0:40:41]} 22. Ke3
{[%clk 0:39:02]} Rb6 {[%clk 0:39:06]} 23. Ra7 {[%clk 0:38:32]} Rb7
{[%clk 0:31:13]} 24. Ra1 {[%clk 0:35:26]} Nb8 {[%clk 0:21:51]} 25. Bd3
{[%clk 0:32:32]} h6 {[%clk 0:20:23]} 26. Be4 {[%clk 0:28:18]} Bd7
{[%clk 0:17:06]} 27. f4 {[%clk 0:28:22]} Be8 {[%clk 0:17:24]} 28. Ra8
{[%clk 0:27:17]} Rc8 {[%clk 0:10:11]} 29. Na4 {[%clk 0:23:01]} Rcc7
{[%clk 0:04:18]} 30. Nc5 {[%clk 0:21:55]} Rb6 {[%clk 0:04:38]} 31. b4
{[%clk 0:19:58]} Kd8 {[%clk 0:03:51]} 32. Nb3 {[%clk 0:17:01]} Kc8
{[%clk 0:03:42]} 33. Nc5 {[%clk 0:12:48]} Kd8 {[%clk 0:04:09]} 34. Bf3
{[%clk 0:12:26]} Ke7 {[%clk 0:04:35]} 35. c3 {[%clk 0:12:38]} Bd7
{[%clk 0:03:46]} 36. Nd3 {[%clk 0:08:12]} Be8 {[%clk 0:04:09]} 37. Ne5
{[%clk 0:08:19]} f6 {[%clk 0:02:37]} 38. Nd3 {[%clk 0:08:39]} Nd7
{[%clk 0:02:54]} 39. Nb2 {[%clk 0:05:03]} Bf7 {[%clk 0:02:04]} 40. Na4
{[%clk 0:34:27]} e5 {[%clk 0:32:22]} 41. Rc5 {[%clk 0:34:53]} exf4+
{[%clk 0:24:08]} 42. gxf4 {[%clk 0:35:21]} Nxc5 {[%clk 0:24:00]} 43. Nxb6
{[%clk 0:35:48]} Nb7 {[%clk 0:21:09]} 44. Ra7 {[%clk 0:32:39]} Kd6
{[%clk 0:13:02]} 45. c4 {[%clk 0:32:11]} Re7+ {[%clk 0:13:32]} 46. Kd4
{[%clk 0:32:21]} Kc7 47. c5 {[%clk 0:32:36]} Re8 {[%clk 0:11:04]} 48. b5 Rd8+
{[%clk 0:11:05]} 49. Kc3 {[%clk 0:21:03]} Kb8 {[%clk 0:10:23]} 50. bxc6
{[%clk 0:19:54]} Kxa7 {[%clk 0:06:11]} 51. cxb7 {[%clk 0:18:06]} Be6
{[%clk 0:06:05]} 52. Na4 {[%clk 0:14:56]} Bd5 {[%clk 0:02:45]} 53. c6
{[%clk 0:15:12]} Kb8 {[%clk 0:03:08]} 54. Nc5 {[%clk 0:15:31]} Bxf3
{[%clk 0:03:27]} 55. gxf3 {[%clk 0:14:15]} Re8 {[%clk 0:02:42]} 56. Kc4
{[%clk 0:14:08]} h5 {[%clk 0:02:00]} 57. Kb5 {[%clk 0:13:52]} Kc7
{[%clk 0:02:26]} 58. Na6+ {[%clk 0:14:17]} Kd6 {[%clk 0:02:53]} 59. c7
{[%clk 0:14:41]} 1-0

[Event "Team men PL final"]
[Site "Sochi"]
[Date "2018.05.08"]
[Round "7.29"]
[White "Triapishko, Alexandr"]
[Black "Bocharov, Ivan"]
[Result "0-1"]
[BlackElo "2547"]
[WhiteElo "2510"]
[LiveChessVersion "1.4.8"]

1. e4 {[%clk 1:30:56]} e5 {[%clk 1:30:57]} 2. Nf3 {[%clk 1:31:01]} Nf6
{[%clk 1:31:26]} 3. Nc3 {[%clk 1:25:05]} Nc6 {[%clk 1:27:46]} 4. d4
{[%clk 1:25:14]} exd4 {[%clk 1:26:39]} 5. Nxd4 {[%clk 1:25:38]} Bb4
{[%clk 1:27:05]} 6. Nxc6 {[%clk 1:25:51]} bxc6 {[%clk 1:27:34]} 7. Bd3
{[%clk 1:26:04]} d5 {[%clk 1:27:39]} 8. exd5 {[%clk 1:26:17]} cxd5
{[%clk 1:28:07]} 9. O-O {[%clk 1:26:25]} O-O {[%clk 1:28:36]} 10. a3
{[%clk 1:25:34]} Bd6 {[%clk 1:25:34]} 11. Nb5 {[%clk 1:25:11]} Be5
{[%clk 1:23:16]} 12. f4 {[%clk 1:20:48]} Bd6 {[%clk 1:22:23]} 13. b4
{[%clk 1:12:28]} a5 {[%clk 1:20:38]} 14. Nxd6 {[%clk 1:00:01]} Qxd6
{[%clk 1:20:57]} 15. b5 {[%clk 0:58:48]} Re8 {[%clk 1:13:24]} 16. Qf3
{[%clk 0:39:17]} c5 {[%clk 1:01:26]} 17. bxc6 {[%clk 0:33:42]} Ba6
{[%clk 1:00:27]} 18. Bb2 {[%clk 0:25:18]} Ne4 {[%clk 0:58:43]} 19. Qe3
{[%clk 0:18:31]} Qxc6 {[%clk 0:57:09]} 20. Qd4 {[%clk 0:18:27]} f6
{[%clk 0:56:49]} 21. Bxa6 {[%clk 0:12:44]} Rxa6 {[%clk 0:56:29]} 22. Rad1
{[%clk 0:11:56]} Rb6 {[%clk 0:56:11]} 23. Ba1 {[%clk 0:08:00]} Rb5
{[%clk 0:56:02]} 24. Qd3 {[%clk 0:07:12]} Rc5 {[%clk 0:55:28]} 25. h3
{[%clk 0:07:22]} Rxc2 {[%clk 0:52:46]} 26. Kh2 {[%clk 0:07:26]} Nd6
{[%clk 0:47:17]} 27. Qxd5+ {[%clk 0:04:53]} Qxd5 {[%clk 0:47:23]} 28. Rxd5
{[%clk 0:05:21]} Nc4 {[%clk 0:43:10]} 29. Rg1 {[%clk 0:04:53]} a4
{[%clk 0:42:16]} 30. Rd4 {[%clk 0:03:04]} Ree2 {[%clk 0:29:32]} 31. Kg3
{[%clk 0:02:14]} Red2 {[%clk 0:27:02]} 32. Rxd2 {[%clk 0:01:10]} Rxd2
{[%clk 0:26:44]} 33. Rc1 {[%clk 0:01:12]} Nxa3 {[%clk 0:23:42]} 34. Rc8+
{[%clk 0:01:38]} Kf7 {[%clk 0:24:12]} 35. f5 {[%clk 0:00:41]} Nc2
{[%clk 0:23:19]} 36. Rc7+ {[%clk 0:00:47]} Ke8 {[%clk 0:23:18]} 37. Bc3
{[%clk 0:00:37]} Rd7 {[%clk 0:13:02]} 38. Rc8+ {[%clk 0:00:49]} Kf7
{[%clk 0:11:46]} 39. Bb2 {[%clk 0:00:32]} Ne3 {[%clk 0:11:46]} 40. Rc5
{[%clk 0:30:33]} Rd3 {[%clk 0:39:01]} 41. Rc7+ {[%clk 0:14:14]} Ke8
{[%clk 0:39:12]} 42. Kf4 {[%clk 0:14:18]} Nxg2+ {[%clk 0:35:03]} 43. Ke4
{[%clk 0:13:26]} Re3+ {[%clk 0:34:21]} 44. Kd4 {[%clk 0:13:08]} Re7
{[%clk 0:31:09]} 45. Rc8+ {[%clk 0:12:35]} Kf7 {[%clk 0:30:50]} 46. Ba3
{[%clk 0:12:05]} Re8 {[%clk 0:31:18]} 47. Rxe8 {[%clk 0:09:57]} Kxe8
{[%clk 0:31:42]} 48. Ke4 {[%clk 0:10:25]} Kf7 {[%clk 0:30:33]} 49. Bb4
{[%clk 0:08:57]} g6 {[%clk 0:30:33]} 50. fxg6+ {[%clk 0:08:42]} hxg6
{[%clk 0:31:01]} 51. Kf3 {[%clk 0:08:45]} Nh4+ {[%clk 0:31:25]} 52. Kg4
{[%clk 0:08:44]} Nf5 {[%clk 0:31:49]} 53. Bc5 {[%clk 0:09:04]} Ke6
{[%clk 0:31:52]} 54. h4 {[%clk 0:09:16]} Kd5 {[%clk 0:31:50]} 55. Bf8
{[%clk 0:09:25]} Ke4 {[%clk 0:31:05]} 56. h5 {[%clk 0:09:22]} Ne3+
{[%clk 0:31:27]} 57. Kh4 {[%clk 0:09:45]} gxh5 {[%clk 0:31:50]} 58. Kxh5
{[%clk 0:10:11]} Nc2 {[%clk 0:32:12]} 0-1

[Event "Team men PL final"]
[Site "Sochi"]
[Date "2018.05.08"]
[Round "7.30"]
[White "Khanin, Semen"]
[Black "Chernobay, Artem"]
[Result "1-0"]
[BlackElo "2510"]
[WhiteElo "2477"]
[LiveChessVersion "1.4.8"]

1. e4 {[%clk 1:30:57]} e5 {[%clk 1:30:54]} 2. Nf3 {[%clk 1:31:23]} Nc6
{[%clk 1:31:20]} 3. Bb5 {[%clk 1:31:48]} a6 {[%clk 1:31:47]} 4. Ba4
{[%clk 1:32:14]} d6 {[%clk 1:32:14]} 5. O-O {[%clk 1:32:21]} Bd7 {[%clk 1:32:06]}
6. c4 {[%clk 1:32:42]} g5 {[%clk 1:31:12]} 7. d4 {[%clk 1:32:50]} g4
{[%clk 1:31:04]} 8. d5 {[%clk 1:33:17]} Nce7 {[%clk 1:26:56]} 9. Bxd7+
{[%clk 1:33:18]} Qxd7 {[%clk 1:27:23]} 10. Nh4 {[%clk 1:32:41]} Bg7
{[%clk 1:12:32]} 11. f3 {[%clk 1:30:14]} h5 {[%clk 1:10:02]} 12. fxg4
{[%clk 1:28:29]} hxg4 {[%clk 1:09:50]} 13. g3 {[%clk 1:21:38]} b5
{[%clk 0:56:44]} 14. Nc3 {[%clk 1:20:12]} b4 {[%clk 0:52:59]} 15. Ne2
{[%clk 1:13:46]} Rb8 {[%clk 0:50:08]} 16. a3 {[%clk 1:13:03]} b3 {[%clk 0:44:24]}
17. Be3 {[%clk 1:13:21]} Bh6 {[%clk 0:41:36]} 18. Qd3 {[%clk 1:12:35]} f6
{[%clk 0:31:06]} 19. Rac1 {[%clk 1:11:46]} Bg5 {[%clk 0:28:22]} 20. Bxg5
{[%clk 1:10:43]} fxg5 {[%clk 0:28:47]} 21. Nf5 {[%clk 1:11:09]} Nxf5
{[%clk 0:28:37]} 22. Rxf5 {[%clk 1:11:34]} Qh7 {[%clk 0:28:54]} 23. Rf2
{[%clk 1:11:57]} Nf6 {[%clk 0:23:57]} 24. Nc3 {[%clk 1:06:17]} Nd7
{[%clk 0:22:34]} 25. Rcf1 {[%clk 1:06:16]} Ke7 {[%clk 0:17:17]} 26. Qe2
{[%clk 1:04:48]} Rbf8 {[%clk 0:14:36]} 27. Qxg4 {[%clk 1:04:53]} Qh6
{[%clk 0:14:58]} 28. Nd1 {[%clk 1:02:29]} Rf6 {[%clk 0:14:22]} 29. Ne3
{[%clk 1:01:54]} Kd8 {[%clk 0:14:25]} 30. Nf5 {[%clk 1:01:26]} Qg6
{[%clk 0:13:42]} 31. Rf3 {[%clk 0:58:31]} Qh7 {[%clk 0:11:48]} 32. R1f2
{[%clk 0:58:00]} Nc5 {[%clk 0:12:14]} 33. Ne7 {[%clk 0:56:33]} 1-0

[Event "Team men PL final"]
[Site "Sochi"]
[Date "2018.05.09"]
[Round "8.1"]
[White "Svidler, Peter"]
[Black "Khismatullin, Denis"]
[Result "1/2-1/2"]
[BlackElo "2632"]
[WhiteElo "2760"]
[LiveChessVersion "1.4.8"]

1. e4 {[%clk 1:30:51]} c5 {[%clk 1:30:55]} 2. Nf3 {[%clk 1:31:09]} d6
{[%clk 1:31:21]} 3. d4 {[%clk 1:31:10]} cxd4 {[%clk 1:31:46]} 4. Nxd4
{[%clk 1:31:32]} Nf6 {[%clk 1:32:12]} 5. Nc3 {[%clk 1:31:57]} a6 {[%clk 1:32:39]}
6. h3 {[%clk 1:31:06]} e5 {[%clk 1:32:31]} 7. Nde2 {[%clk 1:30:51]} b5
{[%clk 1:30:02]} 8. Ng3 {[%clk 1:25:22]} Qc7 {[%clk 1:28:50]} 9. Bd3
{[%clk 1:24:10]} g6 {[%clk 1:28:39]} 10. O-O {[%clk 1:23:28]} Bg7
{[%clk 1:29:05]} 11. Bd2 {[%clk 1:23:47]} O-O {[%clk 1:29:27]} 12. a4
{[%clk 1:20:22]} b4 {[%clk 1:29:35]} 13. Na2 {[%clk 1:19:35]} a5 {[%clk 1:29:59]}
14. c3 {[%clk 1:19:32]} bxc3 {[%clk 1:30:22]} 15. Nxc3 {[%clk 1:19:29]} Be6
{[%clk 1:30:40]} 16. Rc1 {[%clk 1:12:02]} Nc6 {[%clk 1:29:16]} 17. Bb5
{[%clk 1:05:55]} Qb7 {[%clk 1:28:10]} 18. Be3 {[%clk 1:00:31]} Rfd8
{[%clk 1:17:29]} 19. Bxc6 {[%clk 0:41:04]} Qxc6 {[%clk 1:17:17]} 20. Bg5
{[%clk 0:41:31]} Qb7 {[%clk 1:11:44]} 21. Qf3 {[%clk 0:39:30]} Qe7
{[%clk 1:11:58]} 22. Rfd1 {[%clk 0:38:59]} h6 {[%clk 1:06:06]} 23. Nd5
{[%clk 0:39:05]} Bxd5 {[%clk 1:06:31]} 24. Bxf6 {[%clk 0:39:32]} Qxf6
{[%clk 1:06:15]} 25. Qxf6 {[%clk 0:35:22]} Bxf6 {[%clk 1:04:35]} 26. Rxd5
{[%clk 0:35:50]} Rdb8 {[%clk 0:59:03]} 27. Rxd6 {[%clk 0:34:14]} Bg5
{[%clk 0:49:17]} 28. Rb1 {[%clk 0:28:00]} Rb4 {[%clk 0:47:07]} 29. b3
{[%clk 0:26:21]} Rab8 {[%clk 0:43:56]} 30. Rd5 {[%clk 0:26:34]} Rxa4
{[%clk 0:43:04]} 31. bxa4 {[%clk 0:26:27]} Rxb1+ {[%clk 0:43:28]} 32. Nf1
{[%clk 0:26:55]} Rb4 {[%clk 0:38:21]} 33. Rxa5 {[%clk 0:27:19]} Rxe4
{[%clk 0:38:47]} 34. Rb5 {[%clk 0:27:42]} Rxa4 {[%clk 0:39:09]} 35. Rxe5
{[%clk 0:28:10]} Bf6 {[%clk 0:39:20]} 36. Re2 {[%clk 0:28:36]} Kg7
{[%clk 0:39:47]} 37. g3 {[%clk 0:29:01]} h5 {[%clk 0:40:13]} 38. h4
{[%clk 0:29:25]} Ra5 {[%clk 0:40:39]} 39. Kg2 {[%clk 0:29:51]} Re5
{[%clk 0:41:05]} 40. Rxe5 {[%clk 1:00:46]} Bxe5 {[%clk 1:12:03]} 1/2-1/2

[Event "Team men PL final"]
[Site "Sochi"]
[Date "2018.05.09"]
[Round "8.2"]
[White "Bocharov, Dmitry"]
[Black "Vitiugov, Nikita"]
[Result "1/2-1/2"]
[BlackElo "2740"]
[WhiteElo "2594"]
[LiveChessVersion "1.4.8"]

1. Nf3 {[%clk 1:30:48]} d5 {[%clk 1:30:46]} 2. e3 {[%clk 1:30:49]} Nf6
{[%clk 1:30:45]} 3. c4 {[%clk 1:31:05]} c6 {[%clk 1:30:21]} 4. Nc3
{[%clk 1:30:44]} Nbd7 {[%clk 1:30:14]} 5. d4 {[%clk 1:20:35]} e6 {[%clk 1:30:34]}
6. Qc2 {[%clk 1:20:38]} Bd6 {[%clk 1:30:40]} 7. Be2 {[%clk 1:20:59]} O-O
{[%clk 1:30:12]} 8. O-O {[%clk 1:21:12]} dxc4 {[%clk 1:29:55]} 9. Bxc4
{[%clk 1:21:35]} b5 {[%clk 1:29:08]} 10. Be2 {[%clk 1:20:12]} Bb7
{[%clk 1:28:25]} 11. Rd1 {[%clk 1:18:21]} Qc7 {[%clk 1:14:00]} 12. Bd2
{[%clk 1:17:29]} a5 {[%clk 1:08:23]} 13. Rac1 {[%clk 0:58:54]} Rac8
{[%clk 1:07:58]} 14. Ne4 {[%clk 0:47:46]} Nxe4 {[%clk 1:05:43]} 15. Qxe4
{[%clk 0:47:39]} c5 {[%clk 1:00:03]} 16. Qh4 {[%clk 0:47:14]} Bxf3
{[%clk 0:45:10]} 17. Bxf3 {[%clk 0:28:14]} b4 {[%clk 0:40:26]} 18. dxc5
{[%clk 0:21:16]} Nxc5 {[%clk 0:34:31]} 19. a3 {[%clk 0:20:52]} Qd8
{[%clk 0:24:45]} 20. Qxd8 {[%clk 0:17:00]} Rcxd8 {[%clk 0:24:13]} 21. axb4
{[%clk 0:12:04]} Nd3 {[%clk 0:21:34]} 22. bxa5 {[%clk 0:10:17]} Nxc1
{[%clk 0:21:01]} 23. Rxc1 {[%clk 0:10:27]} Bxh2+ {[%clk 0:09:44]} 24. Kxh2
{[%clk 0:09:53]} Rxd2 {[%clk 0:10:13]} 25. b4 {[%clk 0:06:10]} Rxf2
{[%clk 0:10:03]} 26. a6 {[%clk 0:04:08]} Rb2 {[%clk 0:09:18]} 27. Rc4
{[%clk 0:03:36]} Ra2 {[%clk 0:07:31]} 28. b5 {[%clk 0:03:39]} Ra5
{[%clk 0:06:52]} 29. Rb4 {[%clk 0:03:03]} Rb8 {[%clk 0:06:36]} 30. Bb7
{[%clk 0:03:05]} Kf8 {[%clk 0:06:51]} 31. b6 {[%clk 0:02:45]} Ke7
{[%clk 0:07:14]} 32. Rc4 {[%clk 0:01:44]} Rxa6 {[%clk 0:06:04]} 33. Bxa6
{[%clk 0:01:10]} Rxb6 {[%clk 0:06:32]} 34. Rc7+ {[%clk 0:01:33]} Kf6
{[%clk 0:04:43]} 35. Bc4 {[%clk 0:01:54]} Rb1 {[%clk 0:03:00]} 36. Bd3
{[%clk 0:02:12]} Rb8 {[%clk 0:03:03]} 37. Kg3 {[%clk 0:01:35]} g6
{[%clk 0:03:08]} 38. Kf4 {[%clk 0:01:35]} Rd8 {[%clk 0:02:04]} 39. Bc4
{[%clk 0:01:42]} Rd2 {[%clk 0:01:22]} 40. Bb5 {[%clk 0:30:47]} Rd8
{[%clk 0:30:46]} 41. e4 {[%clk 0:26:33]} g5+ {[%clk 0:25:59]} 42. Ke3
{[%clk 0:25:24]} h5 {[%clk 0:21:17]} 43. e5+ {[%clk 0:25:00]} Kxe5
{[%clk 0:19:30]} 44. Rxf7 {[%clk 0:25:18]} Rb8 {[%clk 0:19:33]} 45. Be2
{[%clk 0:19:51]} Rb3+ {[%clk 0:19:24]} 46. Kf2 {[%clk 0:19:57]} h4
{[%clk 0:18:42]} 47. Ra7 {[%clk 0:16:43]} Rb4 {[%clk 0:15:12]} 48. Ra8
{[%clk 0:14:25]} Kf4 {[%clk 0:14:07]} 49. Re8 {[%clk 0:14:24]} Ke5
{[%clk 0:13:25]} 50. Rh8 {[%clk 0:13:13]} Rb2 {[%clk 0:13:08]} 51. Rh6
{[%clk 0:13:23]} Kf5 {[%clk 0:12:48]} 52. Ke3 {[%clk 0:13:10]} Rb3+
{[%clk 0:12:42]} 53. Kf2 {[%clk 0:13:03]} Rb2 {[%clk 0:11:01]} 54. Rh8
{[%clk 0:13:25]} Kf4 {[%clk 0:11:03]} 55. Rf8+ {[%clk 0:13:47]} Ke5
{[%clk 0:11:15]} 56. Ra8 {[%clk 0:14:09]} Rb4 {[%clk 0:10:16]} 57. Kg1
{[%clk 0:11:19]} Rb2 {[%clk 0:09:36]} 58. Bg4 {[%clk 0:11:01]} Rb4
{[%clk 0:09:20]} 59. Ra5+ {[%clk 0:11:03]} Kf6 {[%clk 0:09:45]} 60. Be2
{[%clk 0:11:17]} Rb2 {[%clk 0:09:27]} 61. Bc4 {[%clk 0:09:13]} g4
{[%clk 0:08:51]} 62. Rh5 {[%clk 0:08:26]} g3 {[%clk 0:07:21]} 63. Rxh4
{[%clk 0:07:20]} Rb1+ {[%clk 0:07:02]} 64. Bf1 {[%clk 0:07:29]} Kg5
{[%clk 0:06:01]} 65. Re4 {[%clk 0:07:30]} Ra1 {[%clk 0:05:41]} 66. Rxe6
{[%clk 0:07:12]} Kh4 {[%clk 0:05:38]} 1/2-1/2

[Event "Team men PL final"]
[Site "Sochi"]
[Date "2018.05.09"]
[Round "8.3"]
[White "Fedoseev, Vladimir"]
[Black "Maletin, Pavel"]
[Result "1/2-1/2"]
[BlackElo "2572"]
[WhiteElo "2706"]
[LiveChessVersion "1.4.8"]

1. d4 {[%clk 1:30:55]} Nf6 {[%clk 1:30:48]} 2. c4 {[%clk 1:31:15]} e6
{[%clk 1:30:53]} 3. Nf3 {[%clk 1:31:35]} d5 {[%clk 1:31:05]} 4. e3
{[%clk 1:30:58]} b6 {[%clk 1:27:47]} 5. Nc3 {[%clk 1:25:51]} Bb7 {[%clk 1:28:03]}
6. cxd5 {[%clk 1:26:13]} exd5 {[%clk 1:28:26]} 7. Bb5+ {[%clk 1:25:43]} c6
{[%clk 1:27:00]} 8. Bd3 {[%clk 1:25:59]} Bd6 {[%clk 1:25:23]} 9. O-O
{[%clk 1:26:09]} O-O {[%clk 1:25:25]} 10. b3 {[%clk 1:22:31]} Nbd7
{[%clk 1:16:13]} 11. Qe2 {[%clk 1:16:52]} Qe7 {[%clk 1:08:50]} 12. Bb2
{[%clk 1:11:25]} a6 {[%clk 0:54:07]} 13. Nd2 {[%clk 1:04:46]} c5 {[%clk 0:42:58]}
14. a3 {[%clk 1:05:10]} Rfe8 {[%clk 0:34:18]} 15. Nf3 {[%clk 1:03:03]} Ne4
{[%clk 0:29:27]} 16. Bc2 {[%clk 0:56:08]} Nxc3 {[%clk 0:24:05]} 17. Bxc3
{[%clk 0:56:32]} c4 {[%clk 0:24:27]} 18. Rfb1 {[%clk 0:46:16]} b5
{[%clk 0:22:35]} 19. Qe1 {[%clk 0:44:22]} cxb3 {[%clk 0:17:22]} 20. Rxb3
{[%clk 0:43:46]} Nb6 {[%clk 0:17:44]} 21. Qb1 {[%clk 0:44:10]} h6
{[%clk 0:16:32]} 22. a4 {[%clk 0:42:06]} Bc6 {[%clk 0:16:07]} 23. axb5
{[%clk 0:40:12]} axb5 {[%clk 0:15:04]} 24. Ne5 {[%clk 0:39:34]} Bxe5
{[%clk 0:14:49]} 25. dxe5 {[%clk 0:39:57]} Nc4 {[%clk 0:14:16]} 26. Bh7+
{[%clk 0:39:02]} Kh8 {[%clk 0:14:39]} 27. Bd3 {[%clk 0:39:16]} Nxe5
{[%clk 0:09:17]} 28. Bxb5 {[%clk 0:38:58]} Rac8 {[%clk 0:06:17]} 29. Bf1
{[%clk 0:28:12]} Nc4 {[%clk 0:03:11]} 30. Qf5 {[%clk 0:26:53]} Qe6
{[%clk 0:02:22]} 31. Qf4 {[%clk 0:21:13]} Ra8 {[%clk 0:01:53]} 32. Rc1
{[%clk 0:19:21]} f6 {[%clk 0:01:31]} 33. Bd4 {[%clk 0:17:45]} Rec8
{[%clk 0:01:21]} 34. Be2 {[%clk 0:14:45]} Ne5 {[%clk 0:01:07]} 35. Rb6
{[%clk 0:12:39]} Qe8 {[%clk 0:00:43]} 36. h3 {[%clk 0:10:46]} Rab8
{[%clk 0:00:58]} 37. Rxb8 {[%clk 0:07:32]} Rxb8 {[%clk 0:01:24]} 38. Qg3
{[%clk 0:07:52]} Rc8 {[%clk 0:00:51]} 39. f4 {[%clk 0:02:57]} Nc4
{[%clk 0:01:00]} 40. Bd3 {[%clk 0:33:49]} Nd6 {[%clk 0:31:09]} 41. Bg6
{[%clk 0:25:36]} Ne4 {[%clk 0:19:41]} 42. Qg4 {[%clk 0:19:48]} Bd7
{[%clk 0:19:25]} 43. Rxc8 {[%clk 0:20:08]} Qxc8 {[%clk 0:19:50]} 44. Qh5
{[%clk 0:17:27]} Ng3 {[%clk 0:16:56]} 45. Qxd5 {[%clk 0:12:55]} 1/2-1/2